[Event "She Plays To Win 1st"]
[Site "London"]
[Date "2022.04.10"]
[Round "7.5"]
[White "Head, Louise"]
[Black "Vanduyfhuys, Daria"]
[Result "0-1"]
[WhiteElo "2015"]
[BlackElo "2080"]
[PlyCount "100"]
[EventDate "2022.04.07"]
[EventType "tourn"]
[EventRounds "9"]
[EventCountry "ENG"]
[SourceTitle "The Week in Chess 1431"]
[Source "Mark Crowther"]
[SourceDate "2022.04.11"]
[SourceVersion "1"]
[SourceVersionDate "2022.04.11"]
[SourceQuality "2"]

1. d4 Nf6 2. c4 e6 3. Nf3 d5 4. Nc3 Bb4 5. cxd5 exd5 6. Qc2 O-O 7. Bg5 c6 8. e3
Nbd7 9. Bd3 h6 10. Bh4 Re8 11. O-O Be7 12. h3 Ne4 13. Bxe7 Qxe7 14. b4 a6 15.
a4 Ndf6 16. b5 axb5 17. axb5 Ra3 18. Na4 Bd7 19. Ne5 cxb5 20. Rxa3 Qxa3 21. Nb6
Bc6 22. Nxc6 bxc6 23. Bxe4 Rxe4 24. Qxc6 Qb3 25. Nc8 b4 26. Nd6 Re7 27. Qc8+
Kh7 28. Qf8 Ra7 29. Nf5 Nh5 30. g4 Qc2 31. Qxb4 g6 32. Nh4 Ng7 33. Ng2 Ne6 34.
Qb8 Ra2 35. Qb7 Ng5 36. Qxd5 Nxh3+ 37. Kh2 Ng5 38. Nf4 Rb2 39. Kg2 Qc8 40. Kg3
Qc2 41. Qg2 Ne4+ 42. Kh2 Nxf2 43. Kg1 Nxg4 44. Qxc2 Rxc2 45. Re1 g5 46. Nd5 Rd2
47. Ra1 Rd3 48. Re1 h5 49. Kg2 Rd2+ 50. Kf1 Nh2+ 0-1

[Event "She Plays To Win 1st"]
[Site "London"]
[Date "2022.04.10"]
[Round "8.1"]
[White "Mar, Karmen"]
[Black "Vanduyfhuys, Daria"]
[Result "0-1"]
[WhiteElo "2003"]
[BlackElo "2080"]
[PlyCount "150"]
[EventDate "2022.04.07"]
[EventType "tourn"]
[EventRounds "9"]
[EventCountry "ENG"]
[SourceTitle "The Week in Chess 1431"]
[Source "Mark Crowther"]
[SourceDate "2022.04.11"]
[SourceVersion "1"]
[SourceVersionDate "2022.04.11"]
[SourceQuality "2"]

1. e4 c5 2. Nf3 d6 3. d4 cxd4 4. Qxd4 Nc6 5. Bb5 Bd7 6. Qd3 a6 7. Bxc6 Bxc6 8.
c4 Nf6 9. Nc3 e6 10. O-O Be7 11. Nd4 O-O 12. f3 Rc8 13. Be3 Nd7 14. b3 Bg5 15.
Bf2 Ne5 16. Qe2 Bd7 17. g3 Bf6 18. Rac1 Qa5 19. a4 Nc6 20. Qd2 Qb4 21. Rfd1
Nxd4 22. Bxd4 Bxd4+ 23. Qxd4 Qxb3 24. Qxd6 Bxa4 25. Nxa4 Qxa4 26. c5 Qa3 27.
Kg2 Rc6 28. Qe7 Qb2+ 29. Kg1 h6 30. Rb1 Qa3 31. Qxb7 Rxc5 32. Qb3 Qa5 33. Ra1
Qb5 34. Qxb5 axb5 35. Rd7 Rc2 36. Rb7 Rd8 37. Rxb5 g6 38. g4 Rdd2 39. h4 Rg2+
40. Kh1 Rgf2 41. Rb3 Kg7 42. Re3 Rh2+ 43. Kg1 Rxh4 44. Rb1 Rhh2 45. e5 h5 46.
gxh5 gxh5 47. Rb4 Kg6 48. Rf4 Rhd2 49. Re1 Re2 50. Re4 Rg2+ 51. Kh1 Rh2+ 52.
Kg1 Rcg2+ 53. Kf1 Kf5 54. R1e3 h4 55. Rxh4 Rf2+ 56. Kg1 Rhg2+ 57. Kh1 Rg3 58.
Rh7 Kg6 59. Rh4 Rgxf3 60. Rxf3 Rxf3 61. Ra4 Kf5 62. Ra5 Ke4 63. Kg2 Rf5 64. Kg3
Rxe5 65. Ra7 Rf5 66. Ra4+ Ke5 67. Kg4 Rf1 68. Ra5+ Kf6 69. Ra6 Kg6 70. Kg3 Kg5
71. Rb6 e5 72. Kg2 Rf4 73. Rb8 e4 74. Rg8+ Kf5 75. Re8 Rf3 0-1

[Event "She Plays To Win 1st"]
[Site "London"]
[Date "2022.04.10"]
[Round "8.2"]
[White "Varney, Zoe"]
[Black "Head, Louise"]
[Result "1/2-1/2"]
[WhiteElo "1998"]
[BlackElo "2015"]
[PlyCount "86"]
[EventDate "2022.04.07"]
[EventType "tourn"]
[EventRounds "9"]
[EventCountry "ENG"]
[SourceTitle "The Week in Chess 1431"]
[Source "Mark Crowther"]
[SourceDate "2022.04.11"]
[SourceVersion "1"]
[SourceVersionDate "2022.04.11"]
[SourceQuality "2"]

1. e4 c6 2. d4 d5 3. f3 e6 4. Nc3 Qb6 5. a3 Nd7 6. Be3 Ne7 7. Be2 Ng6 8. Nh3
Be7 9. O-O O-O 10. Qd2 Qc7 11. Rae1 b6 12. Bd3 Bb7 13. Ne2 c5 14. c3 dxe4 15.
fxe4 Qc6 16. Nef4 cxd4 17. cxd4 e5 18. Nd5 Bh4 19. Rc1 Qd6 20. Bc4 Rad8 21. Qe2
exd4 22. Bxd4 Bxd5 23. Bxd5 Nf6 24. Bxf6 Bxf6 25. Qh5 Qe5 26. Qxe5 Bxe5 27. Ng5
Bf6 28. Nf3 Bxb2 29. Rc7 Nf4 30. Bc4 Ne6 31. Rxa7 h6 32. h3 Ra8 33. Re7 Bxa3
34. Rd7 Rad8 35. Rfd1 Rxd7 36. Rxd7 Bc5+ 37. Kh2 Be3 38. g3 Nc5 39. Re7 Bg5 40.
Nxg5 hxg5 41. Kg2 g4 42. hxg4 g6 43. e5 Kg7 1/2-1/2

[Event "She Plays To Win 1st"]
[Site "London"]
[Date "2022.04.10"]
[Round "8.3"]
[White "Kakulidis, Ellen"]
[Black "Schulze, Lara"]
[Result "0-1"]
[WhiteElo "2107"]
[BlackElo "2309"]
[PlyCount "66"]
[EventDate "2022.04.07"]
[EventType "tourn"]
[EventRounds "9"]
[EventCountry "ENG"]
[SourceTitle "The Week in Chess 1431"]
[Source "Mark Crowther"]
[SourceDate "2022.04.11"]
[SourceVersion "1"]
[SourceVersionDate "2022.04.11"]
[SourceQuality "2"]

1. d4 Nf6 2. Nf3 e6 3. g3 c5 4. Bg2 cxd4 5. Nxd4 d5 6. O-O e5 7. Nf3 Nc6 8. c4
d4 9. e3 Be7 10. exd4 exd4 11. Bf4 Be6 12. Nbd2 O-O 13. Ne5 Nxe5 14. Bxe5 Ng4
15. Bf4 g5 16. Re1 gxf4 17. Rxe6 Nxf2 18. Kxf2 fxg3+ 19. Kg1 gxh2+ 20. Kh1 fxe6
21. Qg4+ Kh8 22. Qxe6 Qd6 23. Qh3 Bg5 24. Ne4 Qh6 25. Qd7 Be3 26. Nd6 Qg7 27.
Qh3 Rab8 28. Rd1 b6 29. Nf5 Qe5 30. Nh4 Qh5 31. Rd3 Bf2 32. Qxh2 Qxh4 33. Rh3
Qe7 0-1

[Event "She Plays To Win 1st"]
[Site "London"]
[Date "2022.04.10"]
[Round "8.4"]
[White "Van Foreest, Machteld"]
[Black "Karas, Eugenia"]
[Result "1-0"]
[WhiteElo "2199"]
[BlackElo "1920"]
[PlyCount "97"]
[EventDate "2022.04.07"]
[EventType "tourn"]
[EventRounds "9"]
[EventCountry "ENG"]
[SourceTitle "The Week in Chess 1431"]
[Source "Mark Crowther"]
[SourceDate "2022.04.11"]
[SourceVersion "1"]
[SourceVersionDate "2022.04.11"]
[SourceQuality "2"]

1. e4 e6 2. d4 d5 3. Nd2 c5 4. exd5 exd5 5. Ngf3 Nc6 6. Bb5 Bd6 7. O-O Nge7 8.
dxc5 Bxc5 9. Nb3 Bb6 10. Bf4 O-O 11. h3 Bf5 12. Bd3 Qd7 13. Bxf5 Qxf5 14. Qd2
Ng6 15. Bg3 Rad8 16. c3 Nge5 17. Nxe5 Nxe5 18. Bxe5 Qxe5 19. Rfe1 Qf6 20. Rad1
h6 21. Nd4 Rfe8 22. Rxe8+ Rxe8 23. Nf3 Rd8 24. Qd3 Qc6 25. Nd4 Qc4 26. Nf5 Qxd3
27. Rxd3 Kh7 28. Kf1 g6 29. Ne7 d4 30. c4 Bc5 31. Nd5 b5 32. b3 bxc4 33. bxc4
Rd6 34. Rd2 Re6 35. Nf4 Rc6 36. Nd3 Bb6 37. c5 Ba5 38. Re2 Rc7 39. f4 Kg7 40.
Kf2 Bc3 41. Kf3 f6 42. g4 Kf7 43. f5 g5 44. Re6 a5 45. c6 Re7 46. Nc5 d3 47.
Rxe7+ Kxe7 48. c7 d2 49. Ke2 1-0

[Event "She Plays To Win 1st"]
[Site "London"]
[Date "2022.04.10"]
[Round "8.5"]
[White "Goossens, Hanne"]
[Black "Santeramo, Alessia Carmen"]
[Result "0-1"]
[WhiteElo "2131"]
[BlackElo "2160"]
[PlyCount "78"]
[EventDate "2022.04.07"]
[EventType "tourn"]
[EventRounds "9"]
[EventCountry "ENG"]
[SourceTitle "The Week in Chess 1431"]
[Source "Mark Crowther"]
[SourceDate "2022.04.11"]
[SourceVersion "1"]
[SourceVersionDate "2022.04.11"]
[SourceQuality "2"]

1. d4 Nf6 2. Nc3 d5 3. Bf4 c5 4. e4 Nxe4 5. Nxe4 dxe4 6. dxc5 Qxd1+ 7. Rxd1 Nc6
8. Bb5 Bd7 9. Ne2 f6 10. Be3 e5 11. c3 f5 12. g3 O-O-O 13. b4 Be7 14. Bc4 g5
15. Nc1 f4 16. Bd2 h5 17. Rg1 h4 18. g4 Rhf8 19. Nb3 e3 20. fxe3 e4 21. Bb5 Ne5
22. Bxd7+ Rxd7 23. Nd4 Bf6 24. exf4 Nd3+ 25. Ke2 Bxd4 26. cxd4 gxf4 27. Bc3 f3+
28. Ke3 Nf4 29. Be1 Re7 30. Bxh4 Nd5+ 31. Kd2 e3+ 32. Kd3 Re6 33. Bg3 f2 34.
Bxf2 exf2 35. Rh1 Ne3 36. Rc1 f1=Q+ 37. Rhxf1 Rxf1 38. d5 Rxc1 39. dxe6 Nxg4
0-1

[Event "She Plays To Win 1st"]
[Site "London"]
[Date "2022.04.11"]
[Round "9.1"]
[White "Santeramo, Alessia Carmen"]
[Black "Mar, Karmen"]
[Result "1-0"]
[WhiteElo "2160"]
[BlackElo "2003"]
[PlyCount "137"]
[EventDate "2022.04.07"]
[EventType "tourn"]
[EventRounds "9"]
[EventCountry "ENG"]
[SourceTitle "The Week in Chess 1431"]
[Source "Mark Crowther"]
[SourceDate "2022.04.11"]
[SourceVersion "1"]
[SourceVersionDate "2022.04.11"]
[SourceQuality "2"]

1. e4 c5 2. Nf3 d6 3. Bb5+ Nd7 4. d4 cxd4 5. Qxd4 a6 6. Bxd7+ Bxd7 7. c4 e5 8.
Qd3 b5 9. Nc3 bxc4 10. Qxc4 Be6 11. Qc6+ Bd7 12. Qc4 Be6 13. Qd3 h6 14. O-O Nf6
15. Rd1 Be7 16. Ne1 Qc8 17. Nc2 Bc4 18. Qg3 Nh5 19. Qf3 Be6 20. Ne3 Nf6 21. h3
O-O 22. Ned5 Nxd5 23. Nxd5 Bxd5 24. Rxd5 f5 25. Be3 Qc2 26. exf5 Qxb2 27. Rdd1
Qc2 28. Qd5+ Kh8 29. g4 Qa4 30. Rdc1 Rac8 31. Rab1 Rxc1+ 32. Rxc1 Qb5 33. Qe6
Qb7 34. a4 a5 35. Bd2 Ra8 36. Bxa5 Bg5 37. Rc4 Qb1+ 38. Kh2 Bf4+ 39. Rxf4 exf4
40. Bc3 Qb7 41. Qxh6+ Kg8 42. Qxf4 Qc6 43. Qd4 Qb7 44. Qxd6 Qb8 45. Qxb8+ Rxb8
46. a5 Rb3 47. Bd4 Ra3 48. Bb6 Kf7 49. Kg2 Kf6 50. f3 Ra4 51. Kg3 Ra3 52. Bc7
Ra4 53. Kh4 Ra3 54. f4 Ra4 55. Bd8+ Kf7 56. Kg5 Rd4 57. Bb6 Ra4 58. h4 Ra2 59.
h5 Ra4 60. Bc7 Rc4 61. Be5 Ra4 62. h6 gxh6+ 63. Kxh6 Rxa5 64. g5 Ra2 65. g6+
Kg8 66. f6 Rh2+ 67. Kg5 Rg2+ 68. Kf5 Rd2 69. Ke6 1-0

[Event "She Plays To Win 1st"]
[Site "London"]
[Date "2022.04.11"]
[Round "9.2"]
[White "Karas, Eugenia"]
[Black "Goossens, Hanne"]
[Result "0-1"]
[WhiteElo "1920"]
[BlackElo "2131"]
[PlyCount "86"]
[EventDate "2022.04.07"]
[EventType "tourn"]
[EventRounds "9"]
[EventCountry "ENG"]
[SourceTitle "The Week in Chess 1431"]
[Source "Mark Crowther"]
[SourceDate "2022.04.11"]
[SourceVersion "1"]
[SourceVersionDate "2022.04.11"]
[SourceQuality "2"]

1. d4 Nf6 2. c4 c5 3. Nf3 cxd4 4. Nxd4 e5 5. Nb5 d5 6. cxd5 Bc5 7. e3 O-O 8.
N5c3 e4 9. Nd2 Qe7 10. Qc2 Bf5 11. a3 Nbd7 12. b4 Bd6 13. Bb2 Rac8 14. Qb3 Ne5
15. Nc4 Nxc4 16. Bxc4 Ng4 17. h3 Qh4 18. hxg4 Qxh1+ 19. Kd2 Qxg2 20. gxf5 Qxf2+
21. Ne2 Qxf5 22. Rg1 Be5 23. Bxe5 Qxe5 24. b5 Rfd8 25. Nf4 Rd6 26. Qc3 Rxd5+
27. Nxd5 Qh2+ 28. Kc1 Qxg1+ 29. Kb2 Re8 30. b6 axb6 31. Bb5 Qh2+ 32. Kb3 Rd8
33. Ne7+ Kh8 34. Nf5 f6 35. Qb4 Qe5 36. Nd4 Qc5 37. Qxc5 bxc5 38. Ne6 Rd5 39.
a4 b6 40. Bc4 Rd6 41. Nc7 h5 42. Nd5 h4 43. Nf4 g5 0-1

[Event "She Plays To Win 1st"]
[Site "London"]
[Date "2022.04.11"]
[Round "9.3"]
[White "Schulze, Lara"]
[Black "Van Foreest, Machteld"]
[Result "0-1"]
[WhiteElo "2309"]
[BlackElo "2199"]
[PlyCount "122"]
[EventDate "2022.04.07"]
[EventType "tourn"]
[EventRounds "9"]
[EventCountry "ENG"]
[SourceTitle "The Week in Chess 1431"]
[Source "Mark Crowther"]
[SourceDate "2022.04.11"]
[SourceVersion "1"]
[SourceVersionDate "2022.04.11"]
[SourceQuality "2"]

1. e4 c5 2. Nf3 e6 3. d4 cxd4 4. Nxd4 Nc6 5. Nc3 Qc7 6. Be3 a6 7. g4 b5 8. Nxc6
Qxc6 9. Qd2 Nf6 10. f3 Bb7 11. g5 Nh5 12. O-O-O Bb4 13. Bd4 O-O 14. a3 Ba5 15.
Rg1 Qc7 16. e5 b4 17. axb4 Bxb4 18. Qe3 Rfc8 19. Rg2 Bc6 20. Ne4 Rab8 21. Nd6
Qa5 22. Kb1 Bd5 23. c4 Bxd6 24. cxd5 Bb4 25. f4 Bc3 26. Rc2 Bxd4 27. Rxc8+ Rxc8
28. Rxd4 g6 29. d6 Qb6 30. Qd3 Qc6 31. Rc4 Qxc4 32. Qxc4 Rxc4 33. Bxc4 a5 34.
Ka2 Nxf4 35. Bf1 Nd5 36. Kb3 Nb6 37. Bb5 Kf8 38. Kc3 Ke8 39. Kd4 Kd8 40. Kc5
Nd5 41. Ba4 Nf4 42. Bc2 Nh3 43. Kb5 Nxg5 44. Bd1 f6 45. Kxa5 fxe5 46. b4 Ne4
47. b5 Nxd6 48. b6 Kc8 49. Be2 Kb7 50. Ba6+ Kc6 51. Be2 e4 52. Ka6 e5 53. Bc4
e3 54. Be2 e4 55. Bc4 Kc5 56. Be2 Kd4 57. Ka7 Nc8+ 58. Kb7 Nxb6 59. Kxb6 Kc3
60. Kc5 Kd2 61. Bf1 e2 0-1

[Event "She Plays To Win 1st"]
[Site "London"]
[Date "2022.04.11"]
[Round "9.4"]
[White "Head, Louise"]
[Black "Kakulidis, Ellen"]
[Result "0-1"]
[WhiteElo "2015"]
[BlackElo "2107"]
[PlyCount "124"]
[EventDate "2022.04.07"]
[EventType "tourn"]
[EventRounds "9"]
[EventCountry "ENG"]
[SourceTitle "The Week in Chess 1431"]
[Source "Mark Crowther"]
[SourceDate "2022.04.11"]
[SourceVersion "1"]
[SourceVersionDate "2022.04.11"]
[SourceQuality "2"]

1. d4 d5 2. c4 e6 3. Nc3 Be7 4. Nf3 Nf6 5. Bg5 Nbd7 6. cxd5 Nxd5 7. Bxe7 Qxe7
8. Nxd5 exd5 9. e3 O-O 10. Bd3 c6 11. O-O Nf6 12. Qc2 g6 13. a3 Ne8 14. b4 a6
15. Rab1 Nd6 16. a4 Bd7 17. Qc5 Rfc8 18. Rfc1 Be6 19. Qb6 Kg7 20. h3 Bd7 21.
Be2 Bf5 22. Rb3 Qd8 23. Qxd8 Rxd8 24. b5 axb5 25. axb5 Ra2 26. Kf1 cxb5 27. Ne5
Nc4 28. Nxc4 bxc4 29. Rxb7 Rda8 30. f3 Ra1 31. Rxa1 Rxa1+ 32. Kf2 c3 33. Rc7 c2
34. g4 c1=Q 35. Rxc1 Rxc1 36. gxf5 gxf5 37. Ba6 Rb1 38. Kg3 Kf6 39. Kf4 Rh1 40.
Kg3 f4+ 41. Kxf4 Rxh3 42. Bb7 Rh5 43. Bc8 Rg5 44. e4 dxe4 45. fxe4 Rg8 46. Bg4
Ke7 47. e5 f6 48. exf6+ Kxf6 49. d5 Ke7 50. Bf3 Kd6 51. Ke3 Rg5 52. Kf2 h5 53.
Bg2 h4 54. Kf1 Rg3 55. Kf2 Ke5 56. Bh1 Kf4 57. d6 Rd3 58. Kg2 h3+ 59. Kh2 Kg4
60. Bb7 Rd2+ 61. Kh1 Kg3 62. Ba6 Rd1+ 0-1

[Event "She Plays To Win 1st"]
[Site "London"]
[Date "2022.04.11"]
[Round "9.5"]
[White "Vanduyfhuys, Daria"]
[Black "Varney, Zoe"]
[Result "0-1"]
[WhiteElo "2080"]
[BlackElo "1998"]
[PlyCount "78"]
[EventDate "2022.04.07"]
[EventType "tourn"]
[EventRounds "9"]
[EventCountry "ENG"]
[SourceTitle "The Week in Chess 1431"]
[Source "Mark Crowther"]
[SourceDate "2022.04.11"]
[SourceVersion "1"]
[SourceVersionDate "2022.04.11"]
[SourceQuality "2"]

1. d4 Nf6 2. c4 g6 3. Nc3 Bg7 4. e4 d6 5. Nf3 O-O 6. Be2 Nbd7 7. O-O e5 8. d5
Nc5 9. Qc2 a5 10. Ne1 Ne8 11. Nd3 b6 12. Rb1 f5 13. f3 Nxd3 14. Qxd3 f4 15. b3
g5 16. Nd1 h5 17. Nf2 Nf6 18. h3 Kf7 19. a3 Rh8 20. b4 g4 21. fxg4 hxg4 22.
Bxg4 Nxg4 23. Nxg4 Bxg4 24. hxg4 Qh4 25. c5 Bf6 26. Qf3 Rag8 27. cxb6 Rxg4 28.
Qxg4 Qxg4 29. b7 Qh4 30. Bd2 Qh2+ 31. Kf2 Bh4+ 32. Kf3 Rg8 33. Rg1 Qg3+ 34. Ke2
Qf2+ 35. Kd3 Qd4+ 36. Kc2 Qxe4+ 37. Kc1 Qxd5 38. bxa5 Rb8 39. Rh1 Bf6 0-1